| 000 | 00866nam a22002177a 4500 | ||
|---|---|---|---|
| 003 | OSt | ||
| 005 | 20250703025252.0 | ||
| 008 | 250703b |||||||| |||| 00| 0 eng d | ||
| 020 | _a9789719555148 | ||
| 040 |
_aDWCL - Main lib _cOC |
||
| 082 | _aSC. 959.9 Of32 2014 | ||
| 245 |
_aThe official calendar of the Republic of the Philippines : _ban almanac of Philippine commemorations : enlivened with illustrations and information/ |
||
| 260 |
_a Manila : _b Presidential Communications Development and Strategic Planning Offic _cc2014. |
||
| 300 |
_a300 pages : _billustrations ; _c30 cm. |
||
| 504 | _aIncludes bibliographical references. | ||
| 650 | _a1. Almanacs, Philippines. | ||
| 650 | _a2. Philippines esssays (English). | ||
| 650 | _a3. Philippines--Calendars--Miscellanea. | ||
| 650 | _a4. Philippines--History--Chronology. | ||
| 942 |
_2ddc _cSC _kSC. _n0 |
||
| 999 |
_c3363 _d3363 |
||